000 01326nam0a22003251 4500
001 RU\NLR\A2\5182
005 20260407082539.0
035 _a(NLR Aleph) 009858702
090 _a10376646
_c10376646
100 _a19970619d1774 u y0rusy50 ca
101 0 _alat
102 _aRU
200 1 _aC. Plinii Caecilii Secundi Epistolarum libri decem eiusdemque panegyricus ad exemplar Gesnerianum recusi
_eCum vita C. Plinii
210 _aPetropoli [St.- Peterburg]
_cTypis Academiae Imperialis scientiar.
_d1774
215 _aXVI, 517 с.
_d
321 1 _aСК XVIII(ин.) 2224
327 0 _aС.III-XVI: Vita C. Plinii Caecilii Secundi / Auctore Christophoro Cellario; Cum notis Jo. Matthiae Gesneri. С.411-517: C. Plinii Caecilii Secundi consulis panegyricus, Nervae Traiano Augusto dictus
517 1 _aEpistolarum libri decem ...
600 0 _aTraianus
_f53-117
620 _dSt.- Peterburg
700 1 _aPlinius Caecilius Secundus
_bC.
_f61/62-ок.114
_gCaius
_4070
702 1 _aCellarius
_bCh.
_f1638-1707
_gChristophorus
_4070
702 1 _aGesner
_bJ.M.
_f1691-1761
_gJohann Matthias
_4340
712 0 2 _4610
_8lat
_aAcademia scientiarum
_cPetropolis
_bTypographia
_7ba
_3RU\NLR\AUTH\888588
_9289639
801 0 _aRU
_bNLR
_c19970619
852 _aNLR
_j7.19.5.14
942 _cBOOK
980 _aNB
980 _ain18